000 01044cam a22002771i 4500
003 SA-RiAUC
005 20260104133917.0
008 251230s1972 le g 00100 ara c
040 _aSA-JeALM
_bara
_cSA-RiAUC
_erda
050 4 _bD53 1972
082 0 4 _a272.2
_qSA-RiAUC
090 _a272.2
_bد ي ب
100 1 _aديب، سهيل
_eمترجم ومعلق.
245 1 2 _aالتوراة :
_bتاريخها وغاياتها /
_cترجمة وتعليق سهيل ديب.
250 _aالطبعة الثالثة.
264 1 _aبيروت :
_bدار النفائس،
_c1980
300 _a102 صفحة ؛
_c20 سم
336 _aنص
_btxt
_2rdacontent
_3كتاب
337 _aبدون وسيط
_bn
_2rdamedia
630 2 7 _aالكتاب المقدس.
_pالعهد القديم
_xتفاسير
_2aucut
630 2 7 _aالكتاب المقدس.
_pالعهد القديم
_xتاريخ
_2aucut
653 _aالديانات
730 2 2 _aالكتاب المقدس.
942 _2ddc
_cBOOK
_n0
949 _aSA-JeALM
_d251230
_uosman123
_n1
999 _c13881
_d13881